000 00944nam a2200289 i 4500
001 bg
003 BPK
005 20200710133844.0
008 970612s1990 pl a f |000 0 pol
015 _aPB 1991/4188
020 _a8302043672
040 _aWA N
_cBPK
080 _a621.791/.795
080 _a(075.3)
100 1 _aHillar, Jan
_eAutor
245 1 0 _aSpawalnictwo :
_bpodręcznik dla zasadniczej szkoły zawodowej /
_cJan Hillar, Stanisław Jarmoszuk.
250 _aWyd. 8 popr.
260 _aWarszawa :
_bWydawnictwa Szkolne i Pedagogiczne,
_c1990.
300 _a426, [1] s. :
_bfot., rys., wykr. ;
_c21 cm.
490 1 _aTechnologia.
655 4 _aPodręczniki dla szkół zawodowych
650 4 _aSpawalnictwo
700 1 _aJarmoszuk, Stanisław.
710 2 _aWydawnictwa Szkolne i Pedagogiczne.
_4pbl.
830 0 _aTechnologia - Wydawnictwa Szkolne i Pedagogiczne.
942 _2UKD
_cKS
999 _c49742
_d49742